LEADER 00963cam--2200349---450 001 990002471070203316 005 20190524141425.0 035 $a000247107 035 $aUSA01000247107 035 $a(ALEPH)000247107USA01 035 $a000247107 100 $a20050914d1993----km-y0itay0103----ba 101 $aita 102 $aIT 105 $a||||||||001yy 200 1 $a<> amore... una storia$fGiuseppe Caforio 210 $aEmpoli$cIbiskos$d1993 215 $a89 p.$d21 cm 225 2 $aGruppo '66 Poesia 410 0$12001$aGruppo '66 Poesia 606 0 $aPoesia italiana$2BNCF 676 $a851.914 700 1$aCAFORIO,$bGiuseppe$0232970 801 0$aIT$bsalbc$gISBD 912 $a990002471070203316 951 $aXVII A.A. 474$bDLAS$cXVII A.A.$d00152121 959 $aBK 969 $aCAS 979 $aDLAS$b10$c20050914$lUSA01$h1107 979 $aPATRY$b90$c20051213$lUSA01$h1813 996 $aAmore... una storia$91059677 997 $aUNISA LEADER 01419nam 2200385 n 450 001 9910389515903321 005 20230423153152.0 010 $a1-7281-4220-2 035 $a(CKB)4920000000250607 035 $a(NjHacI)994920000000250607 035 $a(EXLCZ)994920000000250607 100 $a20230423d2019 uy 0 101 0 $aeng 135 $aur||||||||||| 181 $ctxt$2rdacontent 182 $cc$2rdamedia 183 $acr$2rdacarrier 200 10$a2019 Artificial Intelligence for Transforming Business and Society (AITB 2019) $eNovember 5th, 2019, Kathmandu, Nepal /$fInstitute of Electrical and Electronics Engineers 210 1$aPistacaway, New Jersey :$cIEEE,$d[2019] 210 4$dİ2019 215 $a1 online resource (75 pages) $cillustrations 300 $aIncludes index. 311 $a1-7281-4221-0 517 $a2019 Artificial Intelligence for Transforming Business and Society 606 $aArtificial intelligence$xEconomic aspects$vCongresses 606 $aBusiness enterprises$xInformation technology$vCongresses 615 0$aArtificial intelligence$xEconomic aspects 615 0$aBusiness enterprises$xInformation technology 676 $a303.4833 801 0$bNjHacI 801 1$bNjHacl 906 $aPROCEEDING 912 $a9910389515903321 996 $a2019 Artificial Intelligence for Transforming Business and Society (AITB 2019)$93089592 997 $aUNINA